000 00850nam a2200253 a 4500
001 68476
003 BD-RjUL
005 20211209081758.0
008 170403s1958 nyuab b 001 0 eng d
035 _a(BD-RjUL)68686
040 _aBD-RjUL
_beng
_cBD-RjUL
_dBD-RjUL
041 _aeng
082 _223
_a614.42
_bMAE 1958
100 1 _aMay, Jacques M.
_q(Jacques Meyer),
_d1896-
_9202980
245 1 4 _aThe ecology of human disease /
_cJacques M. May ; foreword by Felix Marti-Ibañez.
260 _aNew York :
_bMD Publications,
_c1958.
300 _axxiv, 327 p :
_bill. ;
_c26 cm.
490 1 _aStudies in medical geography ;
_vno. 1
504 _aIncludes Bibliography and index.
650 0 _aMedical geography
_9161534
700 _aMarti-Ibáñez, Félix
_9202981
830 _aStudies in medical geography ;
_vno. 1
_9202988
942 _2ddc
_cBK
999 _c68476
_d68476